| 000 | 00329nam a2200133 i 4500 | ||
|---|---|---|---|
| 001 | bgj | ||
| 100 | 1 | _aGUTSCHE, George J. | |
| 245 | 0 |
_aMoral apostasy in Russian literature / _cGeorge J. Gutsche. |
|
| 260 |
_aDeKalb, Il., _c1986. |
||
| 040 | _cBPK | ||
| 041 | _aeng | ||
| 942 | _cKS | ||
| 008 | s uk f |000 0 eng | ||
| 999 |
_c47701 _d47701 |
||
| 856 |
_uhttp://koha.tu.koszalin.pl/cgi-bin/koha/opac-detail.pl?biblionumber=47701 _yKatalog online BPK |
||